header

Fuzzy multi-criteria decision making (Record no. 36096)

MARC details
000 -LEADER
fixed length control field 01494nam a2200385Ia 4500
245 00 - TITLE STATEMENT
Title Fuzzy multi-criteria decision making
260 ## - PUBLICATION, DISTRIBUTION, ETC. (IMPRINT)
Place of publication New York, NY :
Name of publisher Springer,
Year of publication c2008.
300 ## - PHYSICAL DESCRIPTION
Number of Pages xv, 591 p. :
Other physical details ill.
490 1# - SERIES STATEMENT
Series statement Springer optimization and its applications,
650 #0 - SUBJECT ADDED ENTRY--TOPICAL TERM
Topical Term Fuzzy sets.
Topical Term Set theory.
Topical Term Engineering mathematics.
Topical Term Mathematical optimization.
Topical Term Operations research.
700 1# - ADDED ENTRY--PERSONAL NAME
Personal name Kahraman, Cengiz.
856 40 - ELECTRONIC LOCATION AND ACCESS
Uniform Resource Identifier http://site.ebrary.com/lib/rucke/Doc?id=10246006

No items available.

© 2026 Rongo University
Contact us: librarian | system librarian | Rongo university